LEADER 01402nam a2200289 a 4500 001 000000121160 003 CaOOAMICUS 005 20100412164102.0 008 100412t2009 it u000 u ita r 020 $a978-88-348-8780-6 040 $aPUL$bita$dReb 082 04$a346.078 245 00$aProfili della nuova legge fallimentare /$ca cura di Carlo Ibba. 260 $aTorino :$bG. Giappichelli,$c©2009. 300 $ax, 212 p. ;$c24 cm. 490 1 $aDipartimento di economia impresa regolamentazione$aUniversità degli studi di Sassari$aSezione Studi e Ricerche ;$v12 504 $aInclude riferimenti bibliografici ed indice. 650 4$aDiritto commerciale.$0(OLS)http://pul/subject/1505 700 1 $aIbba, Carlo.$0(OLS)http://pul/name/44984 830 0$aDipartimento di economia impresa regolamentazione$pUniversità degli studi di Sassari$pSezione Studi e Ricerche ;$v12.$0(OLS)http://pul/title/152379 850 $aPUL 852 $aPUL$W1$xSL Diritto e Scienze Sociali 3$y79$m346. 078 IBBCA 1$j138921$qDDC 21$B138160$CPULBib$Z2$F138160 $H112691 $82 941 1 $a9 996 $6020$a978-88-348-8780-6$9(OLS)http://pul/number/143814 996 $6082$a346.078$9(OLS)http://pul/classification/400 996 $6245$aProfili della nuova legge fallimentare$9(OLS)http://pul/title/152378 996 $6260$aTorino :$bG. Giappichelli$9(OLS)http://pul/publisher/49130 LEADER 01160nam a2200277 a 4500 001 000000146117 003 CaOOAMICUS 005 20150929144136.0 008 150929s1982 it u000 u ita r 040 $aPUL$bita 100 1 $aRonchey, Alberto.$0(OLS)http://pul/name/48171 245 10$aUSA-URSS :$bi giganti malati /$cAlberto Ronchey. 250 $aNuova ed. con le ultime notizie sui massimi sistemi. 260 $aMilano :$bBiblioteca Universale Rizzoli,$c1982. 300 $a267 p. ;$c21 cm 490 1 $aBur ;$v463 504 $aInclude indice e riferimenti bibliografici. 651 4$aStati Uniti$xRelazioni estere$ySec. XX.$0(OLS)http://pul/subject/25102 651 4$aRussia$xPolitica e governo$ySec. XX.$0(OLS)http://pul/subject/9765 830 0$aBUR ;$v463.$0(OLS)http://pul/title/2098 850 $aPUL 852 $aPUL$W1$xDP1 Fondo S. Lanza$y121$m10 A 15$j163688$qFondi$B169767$CPULBib$Z2$F169767 $HLan754 $82 941 1 $a1 996 $6245$aUSA-URSS :$bi giganti malati$9(OLS)http://pul/title/184726 996 $6260$aMilano :$bBiblioteca Universale Rizzoli$9(OLS)http://pul/publisher/61121 LEADER 01791nam a2200373 u 4500 001 000000014234 003 CaOOAMICUS 005 20070226105736.0 008 940517s1983 sp u000 u spa u 020 $a84-220-1107-7 035 $a10337990 040 $aPUL$bita 041 1 $aspa$alat 100 0 $aAugustinus,$cs., vesc. d'Ippona,$d354-430.$0(OLS)http://pul/name/1290 240 10$aSermones$9(Augustinus, s., vesc. d'Ippona, 354-430).$lSpagnolo e latino$kGruppi, scelte.$0(OLS)http://pul/title/20486 245 10$aSermones.$n(2) 51-116,$pSobre los Evangelios Sinópticos /$ctraducción de Lope Cilleruelo ... [et al.] ; notas de Pío de Luis. 260 $aMadrid :$bBiblioteca de autores cristianos,$c1983. 300 $axv, 886 p. ;$c20 cm 490 1 $aBiblioteca de autores cristianos ;$v441 490 1 $aObras completas de San Agustín ;$v10 700 1 $aLuis, Pío de.$0(OLS)http://pul/name/10125 700 1 $aCilleruelo, Lope,$cO.E.S.A.$0(OLS)http://pul/name/13241 830 0$aBiblioteca de autores cristianos ;$v441.$0(OLS)http://pul/title/1365 830 0$aObras completas de San Agustín ;$v10.$0(OLS)http://pul/title/15032 850 $aPUL 852 $aPUL$W1$xSL Cons. Gen., Altre Classi 1$y1$m2000 A 10$j20012$nBK-PRI$b $qStampati$B20012$CPULBib$Z2$F20012 $H $81 900 $aAgostino,$cs., vesc. d'Ippona,$d354-430$91290 900 $aAgostino, Aurelio,$cs., vesc. d'Ippona$d354-430$91290 941 1 $a8 961 $aINV: 77566 983 0$aBAC. 996 $6020$a84-220-1107-7$9(OLS)http://pul/number/18124 996 $6245$aSermones.$n(2) 51-116,$pSobre los Evangelios Sinópticos$9(OLS)http://pul/title/20497 996 $6260$aMadrid :$bBiblioteca de autores cristianos$9(OLS)http://pul/publisher/51328